| 000 | 00531nam a2200181Ia 4500 | ||
|---|---|---|---|
| 008 | 151202s9999||||xx |||||||||||||| ||und|| | ||
| 082 | _bPNVM-60692 | ||
| 100 | _aगुजर अनिल. | ||
| 245 | _aविषाची चव. | ||
| 260 | _bस्वप्न प्रकाशन पुणे. | ||
| 260 | _c60582 | ||
| 300 | _a364 | ||
| 600 | _aगुजर अनिल. | ||
| 630 | _aविषाची चव. | ||
| 700 | _aगुजर अनिल. | ||
| 730 | _aविषाची चव. | ||
| 942 | _cBOOK | ||
| 999 |
_c1327226 _d1327223 |
||